000 00298nam a22001337a 4500
008 180806b xxu||||| |||| 00| 0 eng d
082 _a813.52
245 _aFondations and Evolutions
_cRAIBON.K
260 _c2013
300 _a1
_fCD
440 _x1111972110
760 _b9 th
942 _2ddc
_cMX
999 _c46869
_d46869